[Event "HUN-chT2 Erkel 1819"]
[Site "Hungary"]
[Date "2019.03.31"]
[Round "8.7"]
[White "Vajda, Albert I"]
[Black "Molnar, Peter1111"]
[Result "0-1"]
[WhiteElo "2079"]
[BlackElo "2010"]
[PlyCount "140"]
[EventDate "2018.10.28"]
[EventType "team-tourn"]
[EventRounds "9"]
[EventCountry "HUN"]
[SourceTitle "EXT 2021"]
[Source "ChessBase"]
[SourceDate "2020.10.23"]
[SourceVersion "1"]
[SourceVersionDate "2020.10.23"]
[SourceQuality "1"]
[WhiteTeam "Andornaktalya"]
[BlackTeam "Vac"]
[WhiteTeamCountry "HUN"]
[BlackTeamCountry "HUN"]

1. e4 e5 2. Nf3 Nc6 3. Bb5 f5 4. Nc3 fxe4 5. Nxe4 Nf6 6. Qe2 d5 7. Nxf6+ gxf6 8. Nd4 Qd6 9. c3 h5 10. Bd3 Ne7 11. Nb5 Qb6 12. a4 a6 13. a5 Qc6 14. Na3 Bg4 15. f3 e4 16. Bxe4 dxe4 17. fxg4 hxg4 18. b4 Bh6 19. Qxg4 f5 20. Qh5+ Kd7 21. Qe2 Nd5 22. Nc4 Rae8 23. g3 e3 24. d4 Nxc3 25. Qf1 e2 26. Qxf5+ Kd8 27. Bg5+ Bxg5 28. Qxg5+ Kc8 29. Qg4+ Kb8 30. d5 Qf6 31. Qf4 Qg6 32. Qd4 Qxg3+ 33. Kd2 e1Q+ 34. Raxe1 Rxh2+ 35. Rxh2 Qxh2+ 36. Kxc3 Rxe1 37. Ne3 Ra1 38. Kd3 Ra3+ 39. Ke4 Qh4+ 40. Ke5 Qg3+ 41. Ke4 Qh4+ 42. Ke5 Qh8+ 43. Ke4 Qh1+ 44. Kf4 Ra2 45. Kg4 Qf1 46. Kg5 Qf8 47. Kg6 Qe7 48. Kf5 Ra4 49. d6 cxd6 50. Nd5 Qf7+ 51. Nf6 Qe7 52. Nd5 Qd7+ 53. Kf4 Qf7+ 54. Nf6 Rxb4 55. Qxb4 Qxf6+ 56. Kg4 Qe5 57. Qb6 Qc5 58. Qb2 Qxa5 59. Qh8+ Ka7 60. Qf8 Qb4+ 61. Kf3 a5 62. Ke2 a4 63. Qg8 a3 64. Qg1+ Ka6 65. Qg8 Ka7 66. Qg1+ Qc5 67. Qb1 Qc4+ 68. Kd2 a2 69. Qb2 Qf4+ 70. Kd3 Qf1+ 0-1

[Event "HUN-chT2 Erkel 1819"]
[Site "Hungary"]
[Date "2019.02.10"]
[Round "5.7"]
[White "Banhazi, Istvan"]
[Black "Vajda, Albert I"]
[Result "0-1"]
[WhiteElo "2024"]
[BlackElo "2079"]
[PlyCount "62"]
[EventDate "2018.10.28"]
[EventType "team-tourn"]
[EventRounds "9"]
[EventCountry "HUN"]
[SourceTitle "EXT 2021"]
[Source "ChessBase"]
[SourceDate "2020.10.23"]
[SourceVersion "1"]
[SourceVersionDate "2020.10.23"]
[SourceQuality "1"]
[WhiteTeam "Varosgazda Akademia"]
[BlackTeam "Andornaktalya"]
[WhiteTeamCountry "HUN"]
[BlackTeamCountry "HUN"]

1. d4 d5 2. c4 c6 3. Nc3 Nf6 4. Nf3 dxc4 5. e4 b5 6. Qc2 Bg4 7. Be3 e6 8. Be2 Bb4 9. 0-0 0-0 10. Rfd1 Bxc3 11. bxc3 Qc7 12. a4 Qb7 13. Qb1 a6 14. Bxc4 Nxe4 15. Qxe4 Bf5 16. Qh4 bxc4 17. Ne5 Qb3 18. Rdc1 f6 19. Nf3 Qb7 20. a5 Nd7 21. Ra4 Qb5 22. Rca1 Rfb8 23. h3 Qd5 24. Nd2 Bd3 25. Qg3 Rb7 26. Bh6 Nf8 27. Bf4 Ng6 28. Bc7 e5 29. Bb6 Nf4 30. Kh2 Ne2 31. Qh4 Nxc3 0-1

[Event "HUN-chT2 Erkel 1819"]
[Site "Hungary"]
[Date "2019.01.27"]
[Round "4.6"]
[White "Bilku, Andras"]
[Black "Vajda, Albert I"]
[Result "1/2-1/2"]
[WhiteElo "1980"]
[BlackElo "2079"]
[PlyCount "112"]
[EventDate "2018.10.28"]
[EventType "team-tourn"]
[EventRounds "9"]
[EventCountry "HUN"]
[SourceTitle "EXT 2021"]
[Source "ChessBase"]
[SourceDate "2020.10.23"]
[SourceVersion "1"]
[SourceVersionDate "2020.10.23"]
[SourceQuality "1"]
[WhiteTeam "Pestszentlorinc"]
[BlackTeam "Andornaktalya"]
[WhiteTeamCountry "HUN"]
[BlackTeamCountry "HUN"]

1. d4 d5 2. c4 c6 3. Nd2 Nf6 4. Ngf3 Bf5 5. Nh4 Be4 6. e3 e6 7. Nhf3 Nbd7 8. Be2 Be7 9. 0-0 0-0 10. Ng5 Bg6 11. f4 c5 12. cxd5 Nxd5 13. Ndf3 cxd4 14. e4 Ne3 15. Bxe3 dxe3 16. e5 Bc5 17. Kh1 Qe7 18. Bd3 Rfd8 19. Bxg6 fxg6 20. Qb3 Nf8 21. Ne4 Rd7 22. Rac1 Bb6 23. Rfe1 Rd5 24. Nd6 Rc5 25. Qxe3 Rc4 26. Qd2 Ra4 27. a3 h6 28. g3 Rd8 29. Qc2 Ra5 30. Qe4 Rd5 31. b4 Rd7 32. Nh4 Kh7 33. f5 Rd4 34. fxg6+ Kg8 35. Qf3 Rxh4 36. gxh4 Nxg6 37. Rc8+ Bd8 38. Nxb7 Nxh4 39. Qe4 Rxb7 40. Rxd8+ Qxd8 41. Qxb7 Qd4 42. Qa8+ Kf7 43. Rf1+ Nf5 44. Qb7+ Kg6 45. Qg2+ Kh7 46. Qe2 Qd5+ 47. Kg1 Qd4+ 48. Kh1 Qd5+ 49. Rf3 Nd4 50. Qd3+ Kg8 51. Kg2 Nxf3 52. Qxf3 Qxe5 53. Qa8+ Kh7 54. Qxa7 Qe4+ 55. Kf2 Qf4+ 56. Kg2 Qe4+ 1/2-1/2

[Event "HUN-chT2 Erkel 1718"]
[Site "Hungary"]
[Date "2018.02.18"]
[Round "8.7"]
[White "Vajda, Albert I"]
[Black "Csatari, Mariann"]
[Result "1/2-1/2"]
[WhiteElo "2014"]
[BlackElo "2058"]
[PlyCount "29"]
[EventDate "2017.09.24"]
[EventType "team-tourn"]
[EventRounds "11"]
[EventCountry "HUN"]
[SourceTitle "EXT 2021"]
[Source "ChessBase"]
[SourceDate "2020.10.23"]
[SourceVersion "1"]
[SourceVersionDate "2020.10.23"]
[SourceQuality "1"]
[WhiteTeam "Gyongyos Energia"]
[BlackTeam "Sarkany DSE"]
[WhiteTeamCountry "HUN"]
[BlackTeamCountry "HUN"]

1. e4 d5 2. exd5 Qxd5 3. Nc3 Qa5 4. d4 Nf6 5. Bd3 Nc6 6. Nge2 Bg4 7. f3 Bh5 8. Bb5 0-0-0 9. Bxc6 bxc6 10. Bd2 Qa6 11. b4 e6 12. Rb1 Qc4 13. a3 Bg6 14. Rb2 Bd6 15. f4 1/2-1/2

[Event "HUN-chT2 Erkel 1718"]
[Site "Hungary"]
[Date "2017.11.26"]
[Round "4.6"]
[White "Lengyel, Istvan"]
[Black "Vajda, Albert I"]
[Result "0-1"]
[WhiteElo "1971"]
[BlackElo "2014"]
[PlyCount "62"]
[EventDate "2017.09.24"]
[EventType "team-tourn"]
[EventRounds "11"]
[EventCountry "HUN"]
[SourceTitle "EXT 2021"]
[Source "ChessBase"]
[SourceDate "2020.10.23"]
[SourceVersion "1"]
[SourceVersionDate "2020.10.23"]
[SourceQuality "1"]
[WhiteTeam "Salgotarjan"]
[BlackTeam "Gyongyos Energia"]
[WhiteTeamCountry "HUN"]
[BlackTeamCountry "HUN"]

1. e4 e5 2. Nf3 Nc6 3. Bb5 a6 4. Ba4 Nf6 5. d3 b5 6. Bb3 Bc5 7. 0-0 d6 8. h3 Na5 9. Nbd2 0-0 10. c3 Nxb3 11. Nxb3 Bb6 12. Bg5 h6 13. Be3 c5 14. Nbd2 Bb7 15. c4 Nh7 16. g4 Bc8 17. Kg2 Qe7 18. b3 Bd8 19. Rh1 h5 20. g5 Qe6 21. Qe2 Bd7 22. Rag1 a5 23. cxb5 Bxb5 24. a4 Ba6 25. Kh2 Rb8 26. Nh4 g6 27. Rg3 Re8 28. Rb1 Bc7 29. Nhf3 Qe7 30. h4 d5 31. exd5 e4 0-1

[Event "Eger Agria op 41th"]
[Site "Eger"]
[Date "2017.07.22"]
[Round "8"]
[White "Vajda, Albert I"]
[Black "Gordos, Csaba"]
[Result "1-0"]
[WhiteElo "2007"]
[BlackElo "1823"]
[PlyCount "23"]
[EventDate "2017.07.17"]
[EventType "swiss"]
[EventRounds "9"]
[EventCountry "HUN"]
[SourceTitle "EXT 2020"]
[Source "ChessBase"]
[SourceDate "2019.10.17"]
[SourceVersion "1"]
[SourceVersionDate "2019.10.17"]
[SourceQuality "1"]

1. e4 e5 2. Nf3 Nc6 3. Bb5 f5 4. Nc3 fxe4 5. Nxe4 Nf6 6. Qe2 d6 7. d4 Bd7 8. Nxf6+ Qxf6 9. d5 Ne7 10. Bxd7+ Kxd7 11. Qb5+ Kc8 12. Qe8# 1-0

[Event "Eger Agria op 41th"]
[Site "Eger"]
[Date "2017.07.19"]
[Round "4"]
[White "Vajda, Albert I"]
[Black "Balogh, Akos"]
[Result "1-0"]
[WhiteElo "2007"]
[BlackElo "1818"]
[PlyCount "71"]
[EventDate "2017.07.17"]
[EventType "swiss"]
[EventRounds "9"]
[EventCountry "HUN"]
[SourceTitle "EXT 2020"]
[Source "ChessBase"]
[SourceDate "2019.10.17"]
[SourceVersion "1"]
[SourceVersionDate "2019.10.17"]
[SourceQuality "1"]

1. e4 c5 2. Nf3 e6 3. c3 d5 4. exd5 exd5 5. d4 Nc6 6. Be3 cxd4 7. Nxd4 Nf6 8. Bb5 Bd7 9. a4 Bd6 10. Be2 a6 11. Nd2 0-0 12. 0-0 Qc7 13. h3 Rfe8 14. Nxc6 bxc6 15. b4 a5 16. bxa5 Qxa5 17. Bd4 Be5 18. Nb3 Qc7 19. Bd3 Bh2+ 20. Kh1 Ne4 21. Bxe4 dxe4 22. g3 Bxg3 23. fxg3 Qxg3 24. Qe2 Qxh3+ 25. Qh2 Rxa4 26. Qxh3 Bxh3 27. Rxa4 Bxf1 28. Ra7 h6 29. Kg1 Bb5 30. Kf2 g5 31. Nc5 g4 32. Nd7 e3+ 33. Bxe3 g3+ 34. Kf3 Re6 35. Bd4 Kh7 36. Nf8+ 1-0

[Event "Eger Agria op 41th"]
[Site "Eger"]
[Date "2017.07.18"]
[Round "3"]
[White "Gyurkovics, Miklos"]
[Black "Vajda, Albert I"]
[Result "1-0"]
[WhiteElo "2067"]
[BlackElo "2007"]
[PlyCount "59"]
[EventDate "2017.07.17"]
[EventType "swiss"]
[EventRounds "9"]
[EventCountry "HUN"]
[SourceTitle "EXT 2020"]
[Source "ChessBase"]
[SourceDate "2019.10.17"]
[SourceVersion "1"]
[SourceVersionDate "2019.10.17"]
[SourceQuality "1"]

1. c4 c5 2. Nf3 Nf6 3. Nc3 d5 4. cxd5 Nxd5 5. e4 Nb4 6. Bb5+ Bd7 7. a3 N4c6 8. d4 cxd4 9. Nxd4 Nxd4 10. Qxd4 Nc6 11. Bxc6 Bxc6 12. Qxd8+ Rxd8 13. Be3 f5 14. 0-0 g6 15. Rad1 Bg7 16. Rxd8+ Kxd8 17. exf5 gxf5 18. Bxa7 Kc7 19. Bc5 Bf6 20. f3 Rg8 21. a4 b6 22. Be3 Rd8 23. Rc1 Kb7 24. Kf2 e5 25. Ke2 Rg8 26. g3 h5 27. Rd1 e4 28. fxe4 Re8 29. Bd4 Bg5 30. e5 1-0

[Event "Eger Agria op 41th"]
[Site "Eger"]
[Date "2017.07.17"]
[Round "1"]
[White "Laihonen, Hanna"]
[Black "Vajda, Albert I"]
[Result "1/2-1/2"]
[WhiteElo "1489"]
[BlackElo "2007"]
[PlyCount "61"]
[EventDate "2017.07.17"]
[EventType "swiss"]
[EventRounds "9"]
[EventCountry "HUN"]
[SourceTitle "EXT 2020"]
[Source "ChessBase"]
[SourceDate "2019.10.17"]
[SourceVersion "1"]
[SourceVersionDate "2019.10.17"]
[SourceQuality "1"]

1. e4 e5 2. Nf3 Nc6 3. Nc3 Bb4 4. Bb5 Nge7 5. 0-0 0-0 6. d4 exd4 7. Nxd4 a6 8. Bc4 b5 9. Nxc6 Nxc6 10. Bd5 Bb7 11. a3 Bxc3 12. bxc3 Na5 13. Bxb7 Nxb7 14. a4 Re8 15. f3 Qe7 16. Qd4 Qe6 17. Rd1 d6 18. Bf4 Nc5 19. axb5 axb5 20. Qb4 Qc4 21. Rxa8 Rxa8 22. Rb1 Kf8 23. Qxc4 bxc4 24. Rb4 Ra2 25. Rxc4 Rxc2 26. e5 dxe5 27. Rxc5 exf4 28. Rxc7 Rc1+ 29. Kf2 Rc2+ 30. Kf1 Rc1+ 31. Kf2 1/2-1/2

[Event "Eger Agria op 40th"]
[Site "Eger"]
[Date "2016.07.20"]
[Round "4"]
[White "Nyland, Thomas"]
[Black "Vajda, Albert I"]
[Result "1-0"]
[WhiteElo "1969"]
[BlackElo "2155"]
[PlyCount "107"]
[EventDate "2016.07.18"]
[EventType "swiss"]
[EventRounds "8"]
[EventCountry "HUN"]
[SourceTitle "EXT 2020"]
[Source "ChessBase"]
[SourceDate "2019.10.17"]
[SourceVersion "1"]
[SourceVersionDate "2019.10.17"]
[SourceQuality "1"]

1. e4 e5 2. Nf3 Nc6 3. d4 exd4 4. Nxd4 Nf6 5. Nc3 Bb4 6. Nxc6 bxc6 7. Bd3 d5 8. exd5 cxd5 9. Bb5+ Bd7 10. Qe2+ Be7 11. 0-0 0-0 12. Bxd7 Qxd7 13. Bg5 Rfe8 14. Qf3 c6 15. Rfe1 h6 16. Bh4 Nh7 17. Bxe7 Rxe7 18. Rxe7 Qxe7 19. Qe2 Qb4 20. Rb1 Nf6 21. a3 Qa5 22. Qd2 Re8 23. h3 Qb6 24. b4 Qa6 25. a4 Ne4 26. Nxe4 Rxe4 27. a5 Qc4 28. Qd3 Qa2 29. Qb3 Qxb3 30. Rxb3 Re1+ 31. Kh2 a6 32. Rc3 Re6 33. Kg3 Kf8 34. f4 Ke7 35. f5 Rf6 36. Kf4 g5+ 37. Ke5 Rd6 38. Kd4 Kd7 39. Re3 h5 40. g4 hxg4 41. hxg4 Rh6 42. Kc5 Rh4 43. Rg3 Rh2 44. c3 Re2 45. Kb6 Re4 46. Kxa6 Rc4 47. Kb7 d4 48. Rd3 c5 49. bxc5 Rxc5 50. Rxd4+ Ke7 51. a6 Rb5+ 52. Kc6 Ra5 53. Kb6 Ra3 54. a7 1-0

[Event "Eger Agria op 40th"]
[Site "Eger"]
[Date "2016.07.19"]
[Round "2"]
[White "Torok, Sandor"]
[Black "Vajda, Albert I"]
[Result "1-0"]
[WhiteElo "2277"]
[BlackElo "2155"]
[PlyCount "45"]
[EventDate "2016.07.18"]
[EventType "swiss"]
[EventRounds "8"]
[EventCountry "HUN"]
[SourceTitle "EXT 2020"]
[Source "ChessBase"]
[SourceDate "2019.10.17"]
[SourceVersion "1"]
[SourceVersionDate "2019.10.17"]
[SourceQuality "1"]

1. e4 e5 2. f4 d5 3. exd5 c6 4. Nc3 exf4 5. Nf3 Bd6 6. d4 Bg4 7. Bc4 Nf6 8. Qe2+ Be7 9. dxc6 Nxc6 10. d5 Nd4 11. Qd3 Nxf3+ 12. gxf3 Bd7 13. d6 0-0 14. Bxf4 Nh5 15. dxe7 Qxe7+ 16. Be3 Bf5 17. Qd4 b5 18. Nd5 Qb7 19. Bb3 Rfe8 20. 0-0-0 a5 21. a4 Rac8 22. Rhe1 Be6 23. Qb6 1-0

[Event "Eger Agria op 40th"]
[Site "Eger"]
[Date "2016.07.19"]
[Round "3"]
[White "Vajda, Albert I"]
[Black "Galko, Tibor"]
[Result "1-0"]
[WhiteElo "2155"]
[BlackElo "1852"]
[PlyCount "101"]
[EventDate "2016.07.18"]
[EventType "swiss"]
[EventRounds "8"]
[EventCountry "HUN"]
[SourceTitle "EXT 2020"]
[Source "ChessBase"]
[SourceDate "2019.10.17"]
[SourceVersion "1"]
[SourceVersionDate "2019.10.17"]
[SourceQuality "1"]

1. e4 d5 2. exd5 Qxd5 3. Nc3 Qa5 4. d4 c6 5. Nf3 Nf6 6. Bd3 Bg4 7. 0-0 e6 8. h3 Bh5 9. Ne4 Nxe4 10. Bxe4 Bd6 11. c4 Qc7 12. Re1 0-0 13. Bxh7+ Kh8 14. Bd3 Bf4 15. Bxf4 Qxf4 16. Re4 Bxf3 17. Rxf4 Bxd1 18. Rxd1 g6 19. Bxg6 f5 20. Re1 Rf6 21. Bh5 Nd7 22. Bd1 Nf8 23. Bc2 Ng6 24. Rf3 Rg8 25. Rg3 Kg7 26. d5 cxd5 27. cxd5 exd5 28. Re5 f4 29. Rxg6+ Rxg6 30. Bxg6 Kxg6 31. Rxd5 Rg7 32. g4 fxg3 33. fxg3 Rc7 34. Rb5 b6 35. Kf2 Rc6 36. Kf3 a6 37. Re5 Kf6 38. Re2 Rd6 39. h4 Rd3+ 40. Kg4 b5 41. Rf2+ Kg7 42. h5 Rd4+ 43. Kg5 Rd5+ 44. Kh4 a5 45. g4 b4 46. Rf5 Rd2 47. Rxa5 Rxb2 48. Kg5 b3 49. h6+ Kf7 50. Ra7+ Ke6 51. h7 1-0

[Event "HUN-chT2 Erkel 1516"]
[Site "Hungary"]
[Date "2015.09.13"]
[Round "1.5"]
[White "Molnar, Jozsef"]
[Black "Vajda, Albert I"]
[Result "0-1"]
[WhiteElo "2158"]
[BlackElo "2020"]
[PlyCount "58"]
[EventDate "2015.09.13"]
[EventType "team-tourn"]
[EventRounds "11"]
[EventCountry "HUN"]
[SourceTitle "CBM 170 Extra"]
[Source "ChessBase"]
[SourceDate "2016.02.25"]
[SourceVersion "1"]
[SourceVersionDate "2016.02.25"]
[SourceQuality "1"]
[WhiteTeam "Barcza BEAC"]
[BlackTeam "Paszto"]
[WhiteTeamCountry "HUN"]
[BlackTeamCountry "HUN"]

1. e4 e5 2. Bc4 c6 3. Qe2 Bc5 4. Bxf7+ Kxf7 5. Qc4+ d5 6. Qxc5 Nd7 7. Qe3 Ngf6 8. exd5 cxd5 9. Nf3 Re8 10. 0-0 Kg8 11. d3 Qc7 12. Na3 Nf8 13. h3 Bd7 14. Re1 Ng6 15. Bd2 b5 16. c3 a5 17. Rac1 Qd6 18. Nc2 h6 19. b4 Nh5 20. Qc5 Qe6 21. Nxe5 Nxe5 22. d4 Nf3+ 23. gxf3 Qxh3 24. Rxe8+ Rxe8 25. Qxd5+ Re6 26. Re1 Ng3 27. f4 Ne2+ 28. Rxe2 Qg4+ 29. Kh1 Bc6 0-1

[Event "HUN-chT2 Erkel 1415"]
[Site "Hungary"]
[Date "2015.03.01"]
[Round "7.9"]
[White "Vajda, Albert I"]
[Black "Malik, Andras"]
[Result "1-0"]
[WhiteElo "2089"]
[BlackElo "2001"]
[PlyCount "151"]
[EventDate "2014.09.28"]
[EventType "team-tourn"]
[EventRounds "9"]
[EventCountry "HUN"]
[SourceTitle "EXT 2016"]
[Source "ChessBase"]
[SourceDate "2015.10.08"]
[SourceVersion "1"]
[SourceVersionDate "2015.10.08"]
[SourceQuality "1"]
[WhiteTeam "Paszto"]
[BlackTeam "Andornaktalya"]
[WhiteTeamCountry "HUN"]
[BlackTeamCountry "HUN"]

1. e4 e5 2. Nf3 Nf6 3. Nxe5 d6 4. Nf3 Nxe4 5. Nc3 Nxc3 6. dxc3 Be7 7. Be3 Nc6 8. Qd2 Bf5 9. 0-0-0 a6 10. Rg1 Qd7 11. Bc4 Be6 12. Bxe6 Qxe6 13. Kb1 Bf6 14. Rde1 0-0 15. g4 Ne5 16. Nxe5 dxe5 17. Qe2 Qc6 18. Bc1 Rfe8 19. g5 Be7 20. Rg4 f6 21. gxf6 Bxf6 22. Re4 Rf8 23. h4 Rf7 24. h5 Raf8 25. Rc4 Qb6 26. Be3 Qe6 27. Re4 Qd5 28. Qg4 Qd7 29. Qg2 c6 30. Rg1 Qf5 31. Qh1 Kh8 32. Reg4 Rg8 33. a3 Qd7 34. Qg2 Qd5 35. Re4 Qd7 36. Rh1 Qf5 37. Rh3 Rd7 38. Rh1 Rgd8 39. b3 Rd1+ 40. Kb2 Rxh1 41. Qxh1 h6 42. Rc4 Kg8 43. f3 Kf7 44. Re4 Bg5 45. Qh2 Bf6 46. Qh1 Rd5 47. Rg4 e4 48. fxe4 Qxg4 49. exd5 Qd7 50. dxc6 Qxc6 51. Qe1 Qd5 52. Qe2 Qe6 53. Qd3 Kg8 54. a4 Be7 55. Bd4 Bg5 56. c4 Qe1 57. Bc3 Bc1+ 58. Ka2 Qe7 59. b4 Bg5 60. Kb3 Qf7 61. b5 Qxh5 62. Qd5+ Qf7 63. Qe4 h5 64. bxa6 bxa6 65. Qa8+ Kh7 66. Qxa6 Qf1 67. Qb7 Qb1+ 68. Bb2 Bf6 69. Ka3 Qxc2 70. Bxf6 Qd3+ 71. Qb3 Qd6+ 72. c5 Qxc5+ 73. Qb4 Qxb4+ 74. Kxb4 gxf6 75. a5 Kg6 76. a6 1-0

[Event "HUN-chT2 Erkel 1415"]
[Site "Hungary"]
[Date "2014.10.05"]
[Round "1.10"]
[White "Feher, Mihaly"]
[Black "Vajda, Albert I"]
[Result "0-1"]
[WhiteElo "1676"]
[BlackElo "2089"]
[PlyCount "128"]
[EventDate "2014.09.28"]
[EventType "team-tourn"]
[EventRounds "9"]
[EventCountry "HUN"]
[SourceTitle "EXT 2016"]
[Source "ChessBase"]
[SourceDate "2015.10.08"]
[SourceVersion "1"]
[SourceVersionDate "2015.10.08"]
[SourceQuality "1"]
[WhiteTeam "GBSE"]
[BlackTeam "Paszto"]
[WhiteTeamCountry "HUN"]
[BlackTeamCountry "HUN"]

1. d4 Nf6 2. c4 c5 3. Nf3 cxd4 4. Qxd4 Nc6 5. Qd1 d5 6. e3 Bg4 7. cxd5 Qxd5 8. Qxd5 Nxd5 9. a3 Rc8 10. Bb5 a6 11. Bxc6+ Rxc6 12. Nbd2 f6 13. h3 Bh5 14. Nd4 Rc8 15. Ne6 Kf7 16. Nxf8 Rhxf8 17. 0-0 Rc2 18. Ne4 Bg6 19. Ng3 Rfc8 20. e4 Nb6 21. b3 R8c3 22. Be3 Rxb3 23. Rfb1 Rxb1+ 24. Rxb1 Nc4 25. Rb3 Nxe3 26. Rxe3 b5 27. Ne2 Rc4 28. Nc3 e6 29. f3 Ke7 30. Kf2 Be8 31. g4 a5 32. Nb1 b4 33. axb4 Rxb4 34. Na3 a4 35. h4 Rb2+ 36. Ke1 h5 37. gxh5 Bxh5 38. Rc3 Be8 39. Nc4 Rb4 40. Kd2 Bb5 41. Na3 Bd7 42. Nc4 Kf7 43. Na3 Kg6 44. Rc7 Rb3 45. Rxd7 Rxa3 46. Rd4 Rxf3 47. Rxa4 Rf4 48. Ke3 Rxh4 49. Ra7 e5 50. Rb7 Rh3+ 51. Kf2 Ra3 52. Rc7 Kg5 53. Rxg7+ Kf4 54. Rf7 Ra2+ 55. Ke1 Ra6 56. Rb7 Ra4 57. Rb6 Rxe4+ 58. Kf2 f5 59. Ra6 Rb4 60. Ra3 Rb2+ 61. Ke1 e4 62. Ra4 Kf3 63. Ra3+ e3 64. Kd1 Kf2 0-1

[Event "HUN-chT2 Erkel 1314"]
[Site "Hungary"]
[Date "2014.02.16"]
[Round "7.5"]
[White "Vajda, Albert I"]
[Black "Frink, Ferenc"]
[Result "0-1"]
[WhiteElo "2088"]
[BlackElo "2082"]
[PlyCount "77"]
[EventDate "2013.09.08"]
[EventType "team-tourn"]
[EventRounds "11"]
[EventCountry "HUN"]
[SourceTitle "EXT 2016"]
[Source "ChessBase"]
[SourceDate "2015.10.08"]
[SourceVersion "1"]
[SourceVersionDate "2015.10.08"]
[SourceQuality "1"]
[WhiteTeam "Paszto"]
[BlackTeam "Gyongyos Matra"]
[WhiteTeamCountry "HUN"]
[BlackTeamCountry "HUN"]

1. e4 g6 2. d4 Bg7 3. Nc3 d6 4. g3 Nf6 5. Bg2 0-0 6. Nge2 Nbd7 7. 0-0 c5 8. dxc5 Nxc5 9. h3 Bd7 10. Re1 Bc6 11. Nd4 e5 12. Nxc6 bxc6 13. Be3 Ne6 14. Qd2 Qc7 15. Rad1 Rad8 16. g4 Qb7 17. b3 Qb4 18. Nd5 Qxd2 19. Ne7+ Kh8 20. Rxd2 c5 21. Red1 Rd7 22. Nd5 Rfd8 23. f3 Nd4 24. Nc3 Ne8 25. Na4 Rc7 26. c3 Ne6 27. Bf1 Rb8 28. Nb2 Bf8 29. Nc4 Kg7 30. Kg2 Be7 31. Kg3 g5 32. Bf2 Nf4 33. Ne3 Rc6 34. Nf5+ Kf6 35. Bc4 Bf8 36. Rh1 Nc7 37. h4 gxh4+ 38. Rxh4 h6 39. Be3 0-1

[Event "HUN-chT2 Erkel 1314"]
[Site "Hungary"]
[Date "2014.02.02"]
[Round "6.5"]
[White "Rozsnyai, Tibor"]
[Black "Vajda, Albert I"]
[Result "0-1"]
[WhiteElo "2063"]
[BlackElo "2088"]
[PlyCount "92"]
[EventDate "2013.09.08"]
[EventType "team-tourn"]
[EventRounds "11"]
[EventCountry "HUN"]
[SourceTitle "EXT 2016"]
[Source "ChessBase"]
[SourceDate "2015.10.08"]
[SourceVersion "1"]
[SourceVersionDate "2015.10.08"]
[SourceQuality "1"]
[WhiteTeam "Budapest MAFC"]
[BlackTeam "Paszto"]
[WhiteTeamCountry "HUN"]
[BlackTeamCountry "HUN"]

1. c4 Nf6 2. Nc3 c5 3. g3 Nc6 4. Bg2 e6 5. e4 Be7 6. Nge2 0-0 7. 0-0 d6 8. a3 Rb8 9. Rb1 a6 10. d4 cxd4 11. Nxd4 Qc7 12. Nxc6 bxc6 13. Be3 e5 14. h3 Be6 15. Qa4 Nd7 16. Nd5 cxd5 17. cxd5 Nc5 18. Bxc5 Bd7 19. Bxd6 Bxd6 20. Qd1 a5 21. Qd2 Qb6 22. Kh2 f5 23. f3 fxe4 24. fxe4 Rxf1 25. Rxf1 Rf8 26. Rxf8+ Bxf8 27. b4 axb4 28. axb4 Bxb4 29. Qa2 Bd6 30. Qa8+ Bb8 31. Qa3 Ba7 32. Qa1 Qf2 33. Qf1 Qe3 34. Qb1 h5 35. h4 Kh7 36. Qf1 Bg4 37. Bh3 Qd2+ 38. Qg2 Qxg2+ 39. Bxg2 Bc5 40. Kh1 Kg6 41. Kh2 Kf6 42. Kh1 Ke7 43. Kh2 Kd6 44. Bh3 Bxh3 45. Kxh3 Bb6 46. g4 g6 0-1

[Event "HUN-chT2 Erkel 1213"]
[Site "Hungary"]
[Date "2013.01.27"]
[Round "6.9"]
[White "Vajda, Albert I"]
[Black "Pallagi, Janos"]
[Result "1-0"]
[WhiteElo "2147"]
[BlackElo "2010"]
[PlyCount "75"]
[EventDate "2012.09.16"]
[EventType "team-tourn"]
[EventRounds "11"]
[EventCountry "HUN"]
[SourceTitle "EXT 2014"]
[Source "ChessBase"]
[SourceDate "2013.11.20"]
[SourceVersion "1"]
[SourceVersionDate "2013.11.20"]
[SourceQuality "1"]
[WhiteTeam "Paszto"]
[BlackTeam "Foti"]
[WhiteTeamCountry "HUN"]
[BlackTeamCountry "HUN"]

1. e4 e6 2. d4 d5 3. Nd2 dxe4 4. Nxe4 Nd7 5. Be3 Ngf6 6. Bd3 Nxe4 7. Bxe4 Nf6 8. Bf3 Bd6 9. Ne2 0-0 10. 0-0 c6 11. c4 e5 12. Ng3 Qc7 13. c5 Be7 14. dxe5 Qxe5 15. Bd4 Qc7 16. Qc2 Rd8 17. Rad1 Be6 18. Rfe1 Bd5 19. Nf5 Bf8 20. Nh6+ Kh8 21. Bxf6 gxf6 22. Ng4 Bg7 23. Bxd5 cxd5 24. Re3 Qf4 25. Rh3 f5 26. Ne3 Qe4 27. Qd2 d4 28. Nc4 Qd5 29. Nd6 b6 30. Qg5 bxc5 31. Nxf5 Qe5 32. Qh5 h6 33. Nxg7 Qxg7 34. Qxc5 Rac8 35. Qf5 d3 36. Rhxd3 Re8 37. b3 Re6 38. Rd8+ 1-0

[Event "HUN-chT2 Erkel 1213"]
[Site "Hungary"]
[Date "2012.12.02"]
[Round "5.9"]
[White "Pap, Andras"]
[Black "Vajda, Albert I"]
[Result "1/2-1/2"]
[WhiteElo "1843"]
[BlackElo "2147"]
[PlyCount "99"]
[EventDate "2012.09.16"]
[EventType "team-tourn"]
[EventRounds "11"]
[EventCountry "HUN"]
[SourceTitle "EXT 2014"]
[Source "ChessBase"]
[SourceDate "2013.11.20"]
[SourceVersion "1"]
[SourceVersionDate "2013.11.20"]
[SourceQuality "1"]
[WhiteTeam "Andornaktalya"]
[BlackTeam "Paszto"]
[WhiteTeamCountry "HUN"]
[BlackTeamCountry "HUN"]

1. Nf3 c5 2. g3 Nc6 3. Bg2 d5 4. 0-0 Nf6 5. d3 e6 6. Bg5 Be7 7. c3 0-0 8. Nbd2 b6 9. Qc2 Bb7 10. Rfe1 h6 11. Bxf6 Bxf6 12. Rad1 Qc7 13. e4 Rad8 14. Nf1 g6 15. Re2 Bg7 16. exd5 Rxd5 17. Ne3 Rd7 18. Nc4 Rfd8 19. Red2 b5 20. Ne3 Qa5 21. a3 Qb6 22. a4 a6 23. Kf1 Na5 24. axb5 axb5 25. Ng4 Nc6 26. Re1 Qc7 27. Kg1 b4 28. Ne3 Ba6 29. Red1 Qb6 30. Bf1 Na5 31. d4 cxd4 32. Bxa6 bxc3 33. bxc3 Qxa6 34. cxd4 Nc6 35. d5 Nb4 36. Qe4 Nxd5 37. Nxd5 exd5 38. Rxd5 Rxd5 39. Rxd5 Rxd5 40. Qxd5 Qc8 41. Kg2 Qc7 42. h4 Bc3 43. Qa8+ Kg7 44. Qd5 Qe7 45. Qc6 Bb4 46. Qd5 Bc3 47. Qc6 Qb4 48. Qd5 Qb2 49. Qe4 Qb5 50. Ne1 1/2-1/2

[Event "HUN-chT2 Erkel 1213"]
[Site "Hungary"]
[Date "2012.11.04"]
[Round "3.9"]
[White "Zeman, Adrienn"]
[Black "Vajda, Albert I"]
[Result "0-1"]
[WhiteElo "1859"]
[BlackElo "2147"]
[PlyCount "62"]
[EventDate "2012.09.16"]
[EventType "team-tourn"]
[EventRounds "11"]
[EventCountry "HUN"]
[SourceTitle "EXT 2014"]
[Source "ChessBase"]
[SourceDate "2013.11.20"]
[SourceVersion "1"]
[SourceVersionDate "2013.11.20"]
[SourceQuality "1"]
[WhiteTeam "Barcza"]
[BlackTeam "Paszto"]
[WhiteTeamCountry "HUN"]
[BlackTeamCountry "HUN"]

1. e4 e5 2. Nf3 Nc6 3. Nc3 Bb4 4. Bb5 Nge7 5. 0-0 a6 6. Bc4 0-0 7. a3 Bc5 8. d3 d6 9. h3 Nd4 10. Bg5 c6 11. Rb1 Be6 12. Nxd4 Bxd4 13. Ne2 Ba7 14. c3 d5 15. Bb3 Qd7 16. Ng3 Rad8 17. Qh5 f6 18. Bc1 dxe4 19. Bxe6+ Qxe6 20. dxe4 Rd3 21. Kh1 Qa2 22. Qg4 Rxg3 23. fxg3 Qxb1 24. Qe6+ Rf7 25. Rd1 g5 26. Kh2 Kg7 27. Qg4 Qc2 28. h4 h6 29. Rf1 Qd3 30. Rd1 Qc4 31. h5 f5 0-1